Welding and Brazing (Record no. 6006)

MARC details
000 -LEADER
fixed length control field 00629nam a2200217Ia 4500
003 - CONTROL NUMBER IDENTIFIER
control field IN-BaIIA
008 - FIXED-LENGTH DATA ELEMENTS--GENERAL INFORMATION
fixed length control field 211028s9999 xx 000 0 eng d
040 ## - CATALOGING SOURCE
Transcribing agency IIA Library
080 ## - UNIVERSAL DECIMAL CLASSIFICATION NUMBER
Universal Decimal Classification number (035)669
Item number MET-6
245 #0 - TITLE STATEMENT
Title Welding and Brazing
Statement of responsibility, etc. edited by Taylor Lyman
250 ## - EDITION STATEMENT
Edition statement 8th ed.
260 ## - PUBLICATION, DISTRIBUTION, ETC.
Place of publication, distribution, etc. Ohio
Name of publisher, distributor, etc. American Society for Metals
Date of publication, distribution, etc. 1977
300 ## - PHYSICAL DESCRIPTION
Extent xviii, 734p.
650 ## - SUBJECT ADDED ENTRY--TOPICAL TERM
Topical term or geographic name entry element Astronomy and Astrophysics Thesaurus
650 ## - SUBJECT ADDED ENTRY--TOPICAL TERM
Topical term or geographic name entry element Brazing
9 (RLIN) 10425
650 ## - SUBJECT ADDED ENTRY--TOPICAL TERM
Topical term or geographic name entry element Handbooks-Metals
650 ## - SUBJECT ADDED ENTRY--TOPICAL TERM
Topical term or geographic name entry element Metals-Handbooks
650 ## - SUBJECT ADDED ENTRY--TOPICAL TERM
Topical term or geographic name entry element Welding
9 (RLIN) 7330
700 ## - ADDED ENTRY--PERSONAL NAME
Personal name Lyman, Taylor. ed.
942 ## - ADDED ENTRY ELEMENTS (KOHA)
Koha item type Books
Holdings
Withdrawn status Lost status Damaged status Not for loan Home library Current library Shelving location Date acquired Cost, normal purchase price Total Checkouts Full call number Barcode Date last seen Cost, replacement price Price effective from Koha item type Purchase Price
        IIA Library-Bangalore IIA Library-Bangalore General Stacks 30/11/1978 450.23   (035)669/ MET-6 6709 05/11/2021 450.23 30/11/1978 Books Rs. 450.23

Powered by Koha